000 00406 a2200157 4500
005 20250414153557.0
020 _a0-256-03195-9
082 _a657.044 MIL
100 _aMILLER, P. B. W.
245 _aIntermediate Accounting
250 _a2nd Ed.
260 _aIllinois,
_bIrwin,
_c1985.
300 _axxiv, 1336p.: ill,; table
_bIndex.
_c24cm.
700 _aSEARFOSS, D. G & SMITH, K. A.
942 _2ddc
_cBKS
999 _c1407
_d1407